Morphology of flowers and inflorescences
Αποθηκεύτηκε σε:
| Κύριος συγγραφέας: | |
|---|---|
| Άλλοι συγγραφείς: | |
| Μορφή: | Βιβλίο |
| Γλώσσα: | English German |
| Δημοσίευση: |
Cambridge :
Cambridge University Press,
1989.
|
| Θέματα: | |
| Ετικέτες: |
Προσθήκη ετικέτας
Δεν υπάρχουν, Καταχωρήστε ετικέτα πρώτοι!
|
MARC
| LEADER | 00000cam a2200000 i 4500 | ||
|---|---|---|---|
| 001 | 1/3707 | ||
| 008 | 960405s1989 enk| ||| |||| ||eng|| | ||
| 020 | |a 0521251346 | ||
| 035 | |l 10015314 | ||
| 040 | |a GR-MY-UA |b gre |e aacr | ||
| 041 | 1 | |a eng |h ger | |
| 082 | 0 | |a 582.0463 | |
| 100 | 1 | |a Weberling, Focko. | |
| 245 | 1 | 0 | |a Morphology of flowers and inflorescences / |c F. Weberling. |
| 260 | |a Cambridge : |b Cambridge University Press, |c 1989. | ||
| 300 | |a 405 σ. : |b σχέδια ; | ||
| 500 | |a Τίτλος πρωτοτύπου: Morphologie der Bluten und der Blutenstande. | ||
| 504 | |a Περιέχει βιβλιογραφικές αναφορές και ευρετήριο. | ||
| 650 | 0 | 0 | |a Flowers |x Morphology. |
| 650 | 0 | 0 | |a Inflorescences |x Morphology. |
| 700 | 1 | |a Pankhurst, R. J. |e trl | |
| 852 | |a INST |b LESVOS |e 19960405 |h 582.0463 WEB |p 005100005948 |q 005100005948 |t BK |y 0 | ||
| 909 | |a Λ |b 018840 | ||